|
|
|
|
| LEADER |
00000nab a2200000ua 4500 |
| 001 |
vtls010765020 |
| 003 |
SK-MaSNL |
| 005 |
20260304200114.0 |
| 008 |
250718s1987 xo |||||||||||||||||slo| |
| 035 |
|
|
|a (urnnbn)urn:nbn:sk:snk:ar-a02wo9
|
| 035 |
|
|
|a (uuid)54fb620c-6619-433f-873b-6958eee9e873
|
| 035 |
|
|
|a urn:nbn:sk:snk-ab4owq
|
| 040 |
|
|
|a SNKBUCL
|b slo
|c SNKBUCL
|e AACR2
|
| 041 |
0 |
|
|a slo
|
| 044 |
|
|
|a xo
|c SK
|
| 100 |
1 |
|
|a Šusteková, Lýdia
|4 aut
|9 934917
|
| 245 |
1 |
0 |
|a VÝVIN OSOBNOSTI JAZYKOVO NADANÝCH ŽIAKOV
|c Lýdia Šusteková
|
| 773 |
0 |
|
|t Psychológia a patopsychológia dieťaťa
|g Roč. 22, č. 1 (1987), s. [15]-31
|
| 850 |
|
|
|a Slovenská národná knižnica
|
| 852 |
|
|
|a Slovenská národná knižnica
|
| 954 |
|
|
|a odborná, vedecká literatúra pôvodná (slovenská)
|2 lita
|
| 958 |
|
|
|a article3
|
| 958 |
|
|
|a OND
|
| 958 |
|
|
|a EUIPO
|
| 999 |
|
|
|c 3085321
|d 3087251
|